God with us : (Record no. 25281)
[ view plain ]
| 000 -LEADER | |
|---|---|
| fixed length control field | 01610cam a22003018i 4500 |
| 001 - CONTROL NUMBER | |
| control field | 1371956022 |
| 003 - CONTROL NUMBER IDENTIFIER | |
| control field | AUA.1 |
| 005 - DATE AND TIME OF LATEST TRANSACTION | |
| control field | 20260312164425.0 |
| 008 - FIXED-LENGTH DATA ELEMENTS--GENERAL INFORMATION | |
| fixed length control field | 221118s2023 miu b 000 0 eng |
| 010 ## - LIBRARY OF CONGRESS CONTROL NUMBER | |
| LC control number | 2022056134 |
| 020 ## - INTERNATIONAL STANDARD BOOK NUMBER | |
| International Standard Book Number | 9781940980324 |
| 020 ## - INTERNATIONAL STANDARD BOOK NUMBER | |
| International Standard Book Number | 1940980321 |
| 020 ## - INTERNATIONAL STANDARD BOOK NUMBER | |
| International Standard Book Number | 9781940980331 |
| 035 ## - SYSTEM CONTROL NUMBER | |
| System control number | (OCoLC)1371956022 |
| 040 ## - CATALOGING SOURCE | |
| Original cataloging agency | DLC |
| Language of cataloging | eng |
| Description conventions | rda |
| Transcribing agency | DLC |
| Modifying agency | OCLCF |
| -- | OCLCO |
| -- | CPU |
| -- | EXN |
| 042 ## - AUTHENTICATION CODE | |
| Authentication code | pcc |
| 050 00 - LIBRARY OF CONGRESS CALL NUMBER | |
| Classification number | BX6121.8 |
| Item number | .P43 2023 |
| 082 00 - DEWEY DECIMAL CLASSIFICATION NUMBER | |
| Classification number | 286.7/32 |
| Edition number | 23/eng/20230306 |
| 100 1# - MAIN ENTRY--PERSONAL NAME | |
| Personal name | Peckham, John C., |
| Relator term | author. |
| 245 10 - TITLE STATEMENT | |
| Title | God with us : |
| Remainder of title | an introduction to Adventist theology / |
| Statement of responsibility, etc | John C. Peckham. |
| 260 ## - PUBLICATION, DISTRIBUTION, ETC. (IMPRINT) | |
| Place of publication, distribution, etc | Berrien Springs, MI : |
| Name of publisher, distributor, etc | Andrews University Press; |
| Date of publication, distribution, etc | c2023. |
| 300 ## - PHYSICAL DESCRIPTION | |
| Extent | xxvii, 768 pages ; |
| Dimensions | 24 cm. |
| 504 ## - BIBLIOGRAPHY, ETC. NOTE | |
| Bibliography, etc | Includes bibliographical references. |
| 520 ## - SUMMARY, ETC. | |
| Summary, etc | This book is an introduction to Christian theology from a Seventh-day Adventist perspective. It begins with an introduction to the story of God with us, consisting of three preliminary chapters-two chapters that provide an overview of the story of Scripture and a third chapter that addresses reasons one might believe this story is true and place confidence in the Bible. This is followed by sixteen chapters that address core doctrines one-by-one, each set within the story of Scripture as the story of God with us. Each doctrinal chapter concludes with some questions for reflection and some suggestions for further reading. -- Publisher description. |
| 650 #0 - SUBJECT ADDED ENTRY--TOPICAL TERM | |
| Topical term or geographic name as entry element | Theology, Doctrinal. |
| 650 #0 - SUBJECT ADDED ENTRY--TOPICAL TERM | |
| Topical term or geographic name as entry element | Seventh-day Adventists |
| General subdivision | Doctrines. |
| 942 ## - ADDED ENTRY ELEMENTS (KOHA) | |
| Source of classification or shelving scheme | Library of Congress Classification |
| Koha item type | Books |
| Classification part | BX 6121.8 |
| Item part | .P43 2023 |
| Withdrawn status | Lost status | Source of classification or shelving scheme | Damaged status | Not for loan | Collection code | Home library | Current library | Shelving location | Date acquired | Source of acquisition | Cost, normal purchase price | Serial Enumeration / chronology | Total Checkouts | Full call number | Barcode | Date last seen | Cost, replacement price | Price effective from | Koha item type | Copy number |
|---|---|---|---|---|---|---|---|---|---|---|---|---|---|---|---|---|---|---|---|---|
| Library of Congress Classification | Books | Judith Thomas Library | Judith Thomas Library | General Stacks | 21/11/2025 | Bought by JTL | 43.86 | AUA28031 | BX 6121.8 .P43 2023 | AUA28031 | 21/11/2025 | 43.86 | 21/11/2025 | Books | ||||||
| Library of Congress Classification | Books | Judith Thomas Library | Judith Thomas Library | General Stacks | 12/03/2026 | Donation, Dr. Lisa Beardsley-Hardy | 30.02 | AUA28071 | BX 6121.8 .P43 2023 | AUA28071 | 12/03/2026 | 30.02 | 12/03/2026 | Books | 2 |